|
|
|
|
| LEADER |
00000nab a2200000ua 4500 |
| 001 |
vtls010841978 |
| 003 |
SK-MaSNL |
| 005 |
20260303103731.0 |
| 008 |
230121s1968 xo |||||||||||||||||cze| |
| 035 |
|
|
|a (urnnbn)urn:nbn:sk:snk:ar-a06ywe
|
| 035 |
|
|
|a urn:nbn:sk:snk-ab64ek
|
| 035 |
|
|
|a (uuid)b95bbca2-bb92-4c33-89bb-43213b327427
|
| 040 |
|
|
|a SNKBUCL
|b slo
|c SNKBUCL
|e AACR2
|
| 041 |
0 |
|
|a cze
|
| 044 |
|
|
|a xo
|c SK
|
| 100 |
1 |
|
|a Šebek, Otto
|4 aut
|9 1117692
|
| 245 |
1 |
0 |
|a TLAK VZDUCHU V ČSSR OBDOBÍ 1951 - 1960
|c Otto Šebek
|
| 773 |
0 |
|
|t Meteorologické zprávy
|g Roč. 21, č. 3 (1968), s. 70-73
|
| 954 |
|
|
|a odborná, vedecká literatúra cudzojazyčná (svetová)
|2 lita
|
| 958 |
|
|
|a OND
|
| 958 |
|
|
|a EUIPO
|
| 958 |
|
|
|a article5
|
| 999 |
|
|
|c 1851621
|d 1853551
|